Godard : La Nouvelle Vague et À bout de souffle (notice n° 1925254)
[ vue normale ]
| 000 -LEADER | |
|---|---|
| fixed length control field | 01816cam a2200145 4500500 |
| 005 - DATE AND TIME OF LATEST TRANSACTION | |
| control field | 20260329023155.0 |
| 041 ## - LANGUAGE CODE | |
| Language code of text/sound track or separate title | fre |
| 042 ## - AUTHENTICATION CODE | |
| Authentication code | dc |
| 100 10 - MAIN ENTRY--PERSONAL NAME | |
| Personal name | Marié, Michel |
| Relator term | author |
| 245 00 - TITLE STATEMENT | |
| Title | Godard : La Nouvelle Vague et À bout de souffle |
| 260 ## - PUBLICATION, DISTRIBUTION, ETC. | |
| Name of publisher, distributor, etc. | Armand Colin,<br/> |
| Date of publication, distribution, etc. | 2012.<br/> |
| 520 ## - SUMMARY, ETC. | |
| Summary, etc. | La Nouvelle Vague française est l’un des mouvements les plus célèbres de l’histoire du cinéma mondial. Ce livre en propose d’abord une présentation historique rigoureuse et exhaustive, la considérant comme une école artistique à part entière. La Nouvelle Vague a d’abord été un slogan journalistique avant d’être un concept critique et une mode de production et de diffusion des films. C’est aussi une pratique technique de la réalisation qui correspond à des choix esthétiques. Elle a décrit un nouvel univers thématique et a mis en scène les corps des jeunes acteurs des années 60 comme Jean Paul Belmondo, Anna Karina et Jean-Claude Brialy. Plus encore, la Nouvelle Vague a eu une influence internationale exceptionnelle dans toutes les cinématographies du monde jusqu’à nos jours. Après ce tableau d’ensemble de la Nouvelle Vague, la seconde partie du livre choisit le premier film de Jean Luc Godard comme manifeste esthétique du mouvement, À bout de souffle. Le film est alors analysé dans tous ses aspects, à partir de sa genèse et des péripéties de son tournage, son montage et sa réception critique en mars 1960. Un chapitre important recense toutes les innovations techniques qui transforme ce long métrage en jalon décisif du cinéma moderne. À bout de souffle est une œuvre phare dans l’histoire mondiale du cinéma. |
| 700 10 - ADDED ENTRY--PERSONAL NAME | |
| Personal name | Marie, Michel |
| Relator term | author |
| 856 41 - ELECTRONIC LOCATION AND ACCESS | |
| Uniform Resource Identifier | <a href="https://shs.cairn.info/godard--9782200286187?lang=fr&redirect-ssocas=7080">https://shs.cairn.info/godard--9782200286187?lang=fr&redirect-ssocas=7080</a> |
Pas d'exemplaire disponible.




Réseaux sociaux